Desarrollo de las normativas curriculares bajo el régimen militar 1973-11987: un análisis crítico

Gespeichert in:
Bibliographische Detailangaben
1. Verfasser: Magendzo K., Abraham (autor)
Format: Buch
Sprache:Spanisch
Veröffentlicht: Santiago P.I.I.E 1988
Schriftenreihe:P.I.I.E. Estudios
Schlagworte:
Tags: Tag hinzufügen
Keine Tags, Fügen Sie den ersten Tag hinzu!

MARC

LEADER 00000nam a2200000 a 4500
001 UCW5108
003 CL-VaPUC
008 901204e19880000CL |||||||||||||||||spa|d
082 0 4 |a 375  |b MAG  |2 21 
100 |a Magendzo K., Abraham  |e autor  |9 616737 
245 1 0 |a Desarrollo de las normativas curriculares bajo el régimen militar 1973-11987: un análisis crítico 
300 |a 92 p 
942 |c BK 
945 |d 19901204 00:00:00 
260 |a Santiago  |b P.I.I.E  |c 1988 
650 0 |a Educación  |9 258661 
650 7 |a CURRICULO 1973 - 1987  |2 CL-VaPUC  |9 309971 
650 7 |a GOBIERNO MILITAR 1973-1987  |2 CL-VaPUC  |9 309972 
651 7 |a CHILE  |2 CL-VaPUC  |9 309973 
583 |a last modification  |c 19901204 00:00:00  |k Rodrigo Vera 
490 0 |a P.I.I.E. Estudios 
999 |c 218619  |d 218617 
952 |0 0  |1 0  |4 0  |6 375_000000000000000_MAG_1988  |7 0  |8 P  |9 208441  |a BIBEDU  |b BIBEDU  |c BIBEDU_PB  |d 2019-11-15  |i 2763494  |o 375 MAG 1988  |p 2763494  |r 2024-01-25  |w 2019-11-15  |y BK  |k EDU 
952 |0 0  |1 0  |4 0  |6 375_000000000000000_MAG_1988  |7 0  |8 P  |9 208442  |a BIBEDU  |b BIBEDU  |c BIBEDU_PB  |d 2019-11-15  |i 1560425  |o 375 MAG 1988  |p 1560425  |r 2024-01-25  |w 2019-11-15  |y BK  |k EDU